000 00966nam a22002417a 4500
999 _c18428
_d18428
003 AR-CdUCM
008 190514b ||||| |||| 00| 0 eng d
020 _a84-205-0878-9
040 _aMUNICIPALIDAD PROVINCIAL DEL CUSCO
_cBIBLIOTECA MUNICIPAL DEL CUSCO
082 _22ed.
_a310 /
_bQ5
100 _aQuesada Paloma, V.
_939007
245 _aCurso y ejercicios de estadística :
_bAplicación a la ciencias biológicas médicas y sociales /
260 _aMadrid :
_bAlhambra,
_c1982.
300 _aVII, 437 páginas ;
_bfiguras,
_c25 cm.
505 _aContenido: Estadística descriptiva -- Variable estadística bidimensional -- Sucesos y probabilidad -- Variable aleatorio -- Distribuciones de probabilidad ...
650 _aEstadísticas
_94614
650 _aHipótesis
_920210
650 _aVariables
_96327
700 _aIsidoro, Martin, A.
_939008
700 _aLópez Martin, L. A. (coautores)
_939009
942 _2ddc
_cLIBROS
945 _aachl
_d2019-05-14